Constitution Of India And Professional Ethics (Record no. 818)

MARC details
000 -LEADER
Fixed length control field 00500nam a2200169 4500
003 - CONTROL NUMBER IDENTIFIER
Control field SEACOMMC
005 - DATE AND TIME OF LATEST TRANSACTION
Control field 20250426114559.0
008 - FIXED-LENGTH DATA ELEMENTS--GENERAL INFORMATION
Fixed length control field 241203b |||||||| |||| 00| 0 eng d
020 ## - INTERNATIONAL STANDARD BOOK NUMBER / ISBN
International Standard Book Number 81-8986-601-X
Price Rs.75.00
040 ## - CATALOGING SOURCE
Original cataloging agency SEACOMMC
082 ## - DEWEY DECIMAL CLASSIFICATION NUMBER
Classification number 342.020 954
Book Number R 313
100 ## - MAIN ENTRY--PERSONAL NAME
Personal name Reddy, G B
245 1# - TITLE STATEMENT
Title Constitution Of India And Professional Ethics
Statement of responsibility G B Reddy [and]Mohd Suhaib
260 ## - IMPRINT
Place of publication New Delhi
Name of publisher I K International Publishing House
Date of publication 2006
650 ## - SUBJECT ADDED ENTRY--TOPICAL TERM
Topical term Constitution
942 ## - ADDED ENTRY ELEMENTS (KOHA)
Koha item type Books
Holdings
Withdrawn status Lost status Source of classification Damaged status Not for loan Home library Current library Shelving location Date acquired Total Checkouts Call number Accession number Date last seen Price effective from Koha item type
    Dewey Decimal Classification     SEACOM MANAGEMENT COLLEGE SEACOM MANAGEMENT COLLEGE Reference 29/12/2007   342.020 954 R 313 M-1091 03/12/2024 03/12/2024 Books
© Seacom Engineering College, All rights reserved.    Powered by Koha